[Event "Olympiad-34"]
[Site "Istanbul"]
[Date "2000.11.01"]
[Round "5.1"]
[White "Reefat, Bin Sattar"]
[Black "Nikolic, Predrag"]
[Result "0-1"]
[WhiteElo "2467"]
[BlackElo "2657"]
[Annotator "Finkel,A"]
[PlyCount "84"]
[EventDate "2000.10.28"]
[EventType "team-swiss"]
[EventRounds "14"]
[EventCountry "TUR"]
[SourceTitle "EXT 2001"]
[Source "ChessBase"]
[SourceDate "2000.11.22"]
[SourceVersion "1"]
[SourceVersionDate "2000.11.22"]
[SourceQuality "1"]
[WhiteTeam "Bangladesh"]
[BlackTeam "Bosnia&Herzegovina"]
[WhiteTeamCountry "BAN"]
[BlackTeamCountry "BIH"]

1. e4 d6 2. d4 Nf6 3. Nc3 g6 4. Be3 Bg7 5. Qd2 c6 6. Nf3 O-O 7. Bh6 Bg4 (7...
Qa5 8. h4 Bg4 9. Bxg7 Kxg7 10. e5 dxe5 11. Nxe5 h5 12. f3 Be6 13. Bc4 Bxc4 14.
Nxc4 Qc7 15. O-O-O $14 {Stripunsky,A-Vulicevic,N/Manhattan 1998}) 8. O-O-O $5 {
Definitly the most dangerous for black reply and even such a strong player as
Nikolic didn't manage to get an equality.} (8. e5 dxe5 9. Bxg7 Kxg7 10. Nxe5
Be6 11. Bc4 {1/2-1/2 Hauchard,A-Chabanon,J/FRA-ch 1997}) (8. Bxg7 Kxg7 9. Be2
Bxf3 (9... Qa5 10. e5 (10. h3 Bxf3 11. Bxf3 Nbd7 12. g4 Nb6 13. Be2 Na4 14. g5
Nd7 15. Nxa4 Qxa4 16. b3 $14 {Mainka,R-Jansa,V/Prague Chip 1992}) 10... dxe5
11. dxe5 Nfd7 12. O-O-O Bxf3 13. Bxf3 Nxe5 14. Be2 b5 15. h4 b4 16. Nb1 f6 17.
f4 Nf7 18. Qe3 $44 {Ricardi,P-Spangenberg,H/Buenos Aires Najdorf op 1993}) 10.
Bxf3 e5 11. O-O-O Na6 12. g4 h6 13. Ne2 Nh7 14. h4 Qf6 15. Qe3 Nc7 16. d5 $14 {
Kindermann,S-Chabanon,J/Lippstadt 1993}) (8. Be2 Bxf3 9. Bxf3 e5 10. dxe5 Bxh6
11. Qxh6 dxe5 12. h4 Na6 13. h5 Nc5 14. g4 Qe7 15. O-O-O $36 {Pert,R-Kulaots,K/
S&W Masters 8th op 1998}) 8... b5 9. Bxg7 Kxg7 10. h3 Bxf3 11. gxf3 Nbd7 12. h4
b4 13. Ne2 Qa5 14. Kb1 h5 15. Rg1 ({Another promising option was} 15. Qg5 $5
Qxg5 (15... c5 $2 16. e5 $1 Ng8 17. Nf4 cxd4 18. Nxh5+ Kh8 19. e6 $1 Qxg5 20.
hxg5 gxh5 21. Rxh5+ Kg7 22. exd7 $16) 16. hxg5 Nh7 (16... Ne8 17. f4 Nc7 18.
Bh3 Nb6 19. f5 a5 20. f4 $14) 17. f4 f6 18. Bh3 Nb6 19. gxf6+ Nxf6 20. f3 $14 {
[%cal Gh1g1,Gf4f5] with an advantage in the endgame.}) 15... Rh8 16. Bh3 Rab8 (
16... Nb6) 17. Rg5 (17. Bxd7 $5 Nxd7 18. f4 e6 19. Rg5 Rb5 20. Rdg1 Nb6 21. Qd3
$14) 17... Qc7 18. Nf4 Nf8 19. d5 {Even stronger was} (19. e5 $1 dxe5 (19...
Nd5 20. Nxd5 cxd5 21. f4 Qc3 22. Qxc3 (22. Qe3 Qxe3 23. fxe3 dxe5 24. dxe5 e6
$13) 22... bxc3 23. b3 dxe5 24. fxe5 $16 {[%csl Rc3]}) 20. dxe5 N6h7 21. Nxh5+
Kg8 22. Rgg1 Qxe5 23. Ng3 $36 {[%cal Gf3f5] in both cases with very promising
position for white.}) 19... cxd5 20. exd5 (20. Nxd5 Nxd5 21. Rxd5 $14 {[%cal
Gf3f5]}) 20... a5 21. Rdg1 a4 22. Qd3 Rh6 23. Ne2 (23. Qd4 Kh7) 23... b3 $5
$132 24. cxb3 axb3 25. axb3 (25. a3 N8d7 26. Bxd7 Qxd7 27. f4 $13) 25... Rb4 {
[%csl Rh4]} 26. Nd4 (26. f4 Qb6 27. R5g3 Qxf2 28. f5 Nxd5 29. Qxd5 Qxe2 30.
fxg6 Rxg6 $19) 26... Qb6 $5 {Taking the risk.} 27. Nf5+ Kh7 28. Nxh6 ({After} 
28. Qd2 $1 Ng8 $8 29. Nxh6 Nxh6 30. f4 Rxb3 31. R5g3 $16 {Nikolic wouldn't be
very happy!}) 28... Kxh6 29. Qd2 $6 (29. Qe3 Kg7 30. Qxb6 (30. Qxe7 Rxb3 31.
Qe2 N8h7 32. Rf5 Qd4 $36) 30... Rxb6 31. Kc2 N8h7 32. R5g3 Nxd5 33. Bf5 Nf4 34.
Re1 e6 $132) 29... Kg7 30. Re1 Rxh4 31. Bf1 N8h7 $36 {Now black pieces start
to play!} 32. Rg1 Rd4 33. Qc2 Nxd5 $17 {[%csl Rb1][%cal Gd5b4,Gb6a5]} 34. Bc4 (
34. Re4 Nhf6 35. Rxd4 Qxd4 36. Bc4 Nb4 37. Qe2 Qa7 $1 $19) 34... Nb4 35. Qc3 e5
36. Rd1 Nf6 37. Rxd4 exd4 38. Qd2 Qa5 $19 39. Bd3 (39. Qd1 Qa2+ 40. Kc1 Qa1+
41. Kd2 Qxb2+ 42. Ke1 d5 43. Be2 Qc3+ 44. Qd2 Qxb3 $19) 39... Nfd5 $1 40. Bxg6
(40. Kc1 Qa1+ 41. Bb1 Na2+ 42. Kc2 Ndb4+ $19) 40... fxg6 41. Qxd4+ Nf6 42. Re1
Qf5+ 0-1

[Event "Belgrade olympia hopes"]
[Site "Belgrade"]
[Date "2002.06.28"]
[Round "3"]
[White "Solak, Dragan"]
[Black "Pikula, Dejan"]
[Result "1-0"]
[WhiteElo "2522"]
[BlackElo "2472"]
[Annotator "Finkel,A"]
[PlyCount "85"]
[EventDate "2002.06.26"]
[EventType "schev"]
[EventRounds "5"]
[EventCountry "YUG"]
[SourceTitle "CBM 091"]
[Source "ChessBase"]
[SourceDate "2002.11.12"]
[SourceVersion "1"]
[SourceVersionDate "2002.11.12"]
[SourceQuality "1"]

1. e4 d6 2. d4 Nf6 3. Nc3 g6 4. Nf3 Bg7 5. Be2 O-O 6. O-O a6 7. Re1 {Not the
most popular, but probably the most dangerous move} (7. a4 b6 (7... Nc6 $5 8.
h3 e5 9. dxe5 dxe5 10. Be3 Qe7 11. Nd5 Nxd5 12. exd5 Nd4 13. c3 Nf5 14. Bg5 Qd6
15. Qb3 h6 16. Bc1 e4 17. Nh2 h5 18. Rd1 e3 $5 19. fxe3 Re8 20. Nf1 Qe5 21. Bd2
Bf8 $44 {Tsarev,V-Gofstein,L/Kiev/1989/}) (7... Bg4 $5 8. h3 Bxf3 9. Bxf3 Nc6
10. Be3 e5 11. d5 Nd4 12. Bxd4 exd4 13. Qxd4 Nd7 14. Qe3 Re8 15. a5 Nc5 16.
Rae1 Qh4 17. b4 Nd7 18. Kh2 h5 19. g3 Qf6 20. Na4 b5 21. axb6 cxb6 22. Kg2 Qd8
$44 {Mikhalevsky,V-Gofstein,L/Beersheva II/1992/}) 8. Re1 (8. h3 Bb7 9. d5 $6
c6 10. Be3 Nbd7 11. dxc6 Bxc6 12. Nd2 Nc5 13. Bf3 Nfd7 14. Ra3 b5 15. axb5 axb5
16. Rxa8 Qxa8 17. Nd5 Bxd5 18. exd5 Bxb2 19. Qe2 Qa4 20. Bxc5 Nxc5 21. Qxe7 Be5
22. Bd1 Qd4 $17 {Ristic,N-Ermenkov,E/Dieren op/1990/}) (8. Bg5 Bb7 9. Nd2 e5
10. d5 Nbd7 11. b4 h6 12. Be3 Nh7 (12... c6 13. Nc4 $36) 13. f3 f5 14. g4 f4
15. Bf2 h5 16. h3 Bf6 17. Qe1 Kg7 18. Kg2 Qe7 19. Rh1 Rh8 20. h4 hxg4 21. fxg4
g5 22. Nf3 Kf7 $13 {Hmadi,S-Chavez,R/Dubai olm/1986/}) (8. Bf4 Bb7 9. e5 Nfd7
10. exd6 cxd6 11. Qd2 Nc6 12. Bh6 Nf6 13. Ra3 $6 Rc8 14. Bxg7 Kxg7 15. Ng5 Na5
16. Nd1 h6 17. Nf3 Ne4 18. Qc1 f5 19. Nd2 e5 20. Nxe4 Bxe4 21. Bxa6 Rxc2 $36 {
Pandavos,E-Ibragimov,I/Peristeri/1993/}) 8... Bb7 9. e5 $5 (9. Bf1 e6 10. h3
Nbd7 11. Bf4 Re8 12. Qc1 e5 13. dxe5 dxe5 14. Bg5 Nc5 15. Bc4 Qd6 16. Bxf6 Qxf6
17. Qe3 Ne6 18. Bd5 Rab8 19. Bxb7 Rxb7 20. Nd5 Qd8 21. Rad1 Nd4 22. Qd3 b5 $132
{Sezedenko,V-Ermenkov,V/Manila olm/1992/}) 9... Nd5 10. Nxd5 Bxd5 11. c4 Bxf3
12. Bxf3 Ra7 13. e6 f5 14. a5 bxa5 15. d5 Rb7 16. Qc2 c5 17. dxc6 Rc7 18. Qa4
Qc8 19. c5 $1 $36 {Kengis,E-Ibragimov,I/Reykjavik op/1994/}) (7. Bg5 b5 8. e5
b4 $5 9. exf6 exf6 10. Bd2 bxc3 11. Bxc3 f5 12. Re1 Nd7 13. Ba5 Rb8 14. b3 g5
15. h3 g4 16. hxg4 fxg4 17. Nh2 h5 18. Nf1 Nf6 19. Bd3 Nd5 20. Qd2 Qf6 21. Ng3
Nf4 22. Ne4 Qh6 $13 {1/2:1/2,Bosch,J-Van der Werf,M/NLD-ch/1994/}) (7. Bf4 b5
8. e5 Nfd7 9. Re1 Nc6 10. Bf1 dxe5 11. dxe5 Nc5 12. Qc1 Bf5 13. Nh4 e6 14. Nxf5
exf5 15. Qe3 Ne6 16. Rad1 Ncd4 17. Bh6 c5 18. Bxg7 Kxg7 19. Ne2 Qa5 20. Nxd4
cxd4 21. Qb3 Rfd8 $17 {Cifuentes,R-Van Laatum,G/Ostende op/1991/}) 7... e6 (
7... b5 8. e5 $1 Nfd7 9. a4 $1 bxa4 10. e6 fxe6 11. Ng5 Nf6 12. Bf3 c6 13. Nxe6
Bxe6 14. Rxe6 Ra7 15. Qe2 Qd7 16. Rxa4 Kf7 17. Ne4 h6 18. d5 Nxd5 19. Bg4 Qc7
20. Qf3+ Nf6 21. Nxf6 Bxf6 22. Bxh6 $40 {Ciric,D-Clausen,S/Kobenhavn op/1989/})
(7... b6 8. e5 Ne8 9. Bg5 Bb7 10. Qd2 f6 11. Bh6 d5 $6 12. h4 Nd7 13. Bd3 c5
14. exf6 exf6 15. h5 c4 16. Bxg7 Kxg7 17. Bf1 Nd6 18. Qf4 Nf7 19. g3 g5 20. Qd2
$14 {Berzinsh,R-Kozakov,M/Hlohovec op/1994/}) (7... Nc6 8. d5 Ne5 9. Nxe5 dxe5
10. Bf3 (10. Be3 Qd6 11. h3 Rd8 12. Qd3 e6 13. dxe6 Bxe6 14. Qxd6 Rxd6 $11 {
Sosonko,G-Larsen,B/Ljubljana 1977}) 10... e6 11. Na4 exd5 12. exd5 Re8 13. c4
e4 14. Be2 Qd6 15. Be3 h5 16. h3 b5 17. Nc3 bxc4 18. Bxc4 Rb8 19. Qc2 Bf5 20.
Qe2 $14 {Gavrikov,V-Hoi,C/Budapest Noviki-A/1989/}) 8. Bf4 $5 (8. e5 dxe5 9.
Nxe5 Nfd7 $1 10. Nf3 c5 11. Be3 cxd4 12. Nxd4 Qc7 13. Qd2 Ne5 14. Bh6 Nbc6 15.
Bxg7 Kxg7 16. Nb3 b6 $13 {Zvjaginsev,V-Bezold,M/Altensteig 1994}) (8. Bg5 $5 h6
9. Bf4 b5 10. e5 dxe5 (10... b4 11. Nb1 Nd5 12. Bd2 Nd7 13. c4 bxc3 14. Nxc3
Nxc3 15. bxc3 Bb7 $13 {Miles,A-Ermenkov,E/Aegina 1993}) 11. Nxe5 $14) (8. h3
Nc6 (8... b5 9. e5 dxe5 10. Nxe5 Bb7 11. Bf3 Qc8 12. Bg5 Nfd7 13. Ne4 h6 14.
Bf4 Nxe5 15. Bxe5 Nd7 16. Bxg7 Kxg7 17. c3 Rb8 {1/2-1/2 Kuczynski,R-Urban,K/
Warsaw 1995/EXT 99 (17)}) 9. Bf1 b6 10. d5 Ne7 11. dxe6 Bxe6 12. Bf4 b5 13. a3
Qb8 $13 {Kaiumov,D-Nenashev,A/Dubai 2000}) (8. Bf1 b5 9. Bg5 h6 10. Bh4 g5 11.
Bg3 Nh5 12. a4 Nxg3 13. hxg3 b4 14. Na2 c5 $13 {Kunz,W-Schmidt,O/Wuerttemberg
1995}) 8... h6 9. e5 $5 {Very logical move which makes perfect sense after e6.}
(9. Qd2 g5 10. Bg3 Nh5 $13) 9... dxe5 10. Nxe5 (10. dxe5 Qxd1 11. Raxd1 Nfd7
12. h4 Nc6 13. Bf1 $14) 10... Nbd7 11. Bf3 Nb6 12. Bg3 {White bishops are
perfectly placed on f3 and g3.} Qe7 (12... Nbd5 13. Ne2 b5 14. Nc1 Bb7 15. Ncd3
$14) 13. Qe2 Qb4 {[%csl Rb2,Rd4]} (13... c5 $6 14. dxc5 Qxc5 15. Rad1 $16 {
[%csl Rb6,Rc8]}) 14. Nd3 {Forcing a series of exchanges which prove to be in
white's favor.} Qxd4 15. Bxc7 Nfd5 16. Nxd5 Nxd5 17. Be5 Bxe5 18. Qxe5 Qxe5 19.
Nxe5 $14 b5 20. Nc6 (20. b3 $5 Ra7 (20... b4 $2 21. a3 Rb8 22. Bxd5 exd5 23.
Nc6 $18) 21. c4 bxc4 22. bxc4 Nf6 23. Rab1 Rc7 24. Rb6 $14) 20... Bb7 (20...
Kg7 21. Rad1 (21. Bxd5 exd5 22. Nd4 Kf6 23. Rad1 $14) 21... Nf6 22. Ne5 Ra7 23.
Rd6 Nd7 24. Nc6 Rc7 $14) 21. Bxd5 exd5 22. Nd4 {arising endgame is definitly
better for white, but it's very difficult to win it anyway.} Rfe8 23. Rxe8+
Rxe8 24. f3 Rc8 25. Kf2 Kf8 26. Re1 Rc4 27. Ke3 Ke7 28. Kd3+ Kd7 (28... Kd6 $5
29. Re8 Rc8 30. Rxc8 $6 Bxc8 31. b4 g5 32. c3 f6 $11) 29. h4 h5 $6 (29... Rc8)
30. g4 hxg4 31. fxg4 Rc8 32. Rf1 Ke7 33. g5 Rh8 34. Rf4 {[%csl Rd5,Rf7]} Bc8
35. c3 Be6 36. Nf3 ({Deserved attention} 36. b3 $5 {[%cal Gd4f3,Gd3d4] not
letting black to exchange the pawn on d5 .}) 36... d4 37. Kxd4 Bxa2 38. Ke5 Rd8
39. Rd4 Rb8 $6 (39... Rxd4 40. Nxd4 Bc4 41. b3 Bf1 42. Nc6+ Ke8 43. b4 $18 {
[%csl Ra6]}) (39... Rc8) 40. Kf4 {White still keeps slightly better chances,
but the assesment of the position didn't change- black should hold it.} Ra8 41.
Ne5 Ke6 (41... Rh8 $5) 42. Nc6 Rc8 $2 {Blundering away a pawn!} 43. Nb4 $18 1-0

[Event "Julian Borowski-B 3rd"]
[Site "Essen"]
[Date "2001.05.09"]
[Round "7"]
[White "Naiditsch, Arkadij"]
[Black "Van der Wiel, John"]
[Result "1/2-1/2"]
[WhiteElo "2487"]
[BlackElo "2493"]
[Annotator "Finkel,A"]
[PlyCount "83"]
[EventDate "2001.05.02"]
[EventType "tourn"]
[EventRounds "9"]
[EventCountry "GER"]
[EventCategory "9"]
[SourceTitle "CBM 083"]
[Source "ChessBase"]
[SourceDate "2001.07.05"]
[SourceVersion "1"]
[SourceVersionDate "2001.07.05"]
[SourceQuality "1"]

1. e4 g6 2. d4 Bg7 3. Nc3 c6 4. Nf3 d6 5. Be3 Nf6 6. Qd2 (6. a4 $5) 6... O-O (
6... b5 7. Bd3 Ng4 (7... Bg4 8. O-O-O Bxf3 9. gxf3 Nbd7 10. f4) 8. Bg5 f6 9.
Bh4 e5 10. h3 exd4 11. Nxb5 $16) 7. Bh6 Bg4 (7... b5 8. Bd3 Bg4 9. Bxg7 Kxg7
10. O-O-O e5 {/\Bf3,Nh5}) 8. Bxg7 Kxg7 9. Ng5 b5 (9... h6 10. h3 Bc8 (10... Bh5
11. g4 hxg5 12. Be2 Rh8 13. Qxg5 Bxg4 14. Bxg4 e5 15. O-O-O Nxg4 16. Qxg4 Rh4
17. Qg3 Qe7 18. Rd3 Na6 $15 {Hennigan,M-Krasenkow,M/Hastings9394 1993}) 11. Nf3
Qa5 12. e5 dxe5 13. Nxe5 Nbd7 14. Ng4 Nxg4 15. hxg4 Rh8 16. f3 Nf6 17. Bc4 b5
18. Bb3 Bb7 19. O-O-O $14 {Degraeve,J-Ponomariov,R/Festival comtois 3rd 1998})
(9... c5 10. h3 Bc8 11. dxc5 dxc5 12. Bd3 h6 13. Nf3 Nc6 14. O-O-O Be6 15. Qe3
Qa5 16. a3 Rfd8 $13 {McNab,C-Gullaksen,E/Hampstead GM 1998}) 10. h3 Bc8 11. Bd3
e5 12. dxe5 dxe5 13. O-O {It's hard to believe that white may fight for the
advantage without f4 that's why it's better for him to play f4 as soon as
possible.} (13. a4 b4 14. Ne2 a5 (14... c5 $6 15. Qe3 Qe7 16. O-O Nc6 17. c3
$14 {Yagupov,I-Irzhanov,R/RUS-Cup06 1998}) 15. f4 Nbd7 16. O-O Qe7 17. Rf2 Ne8
18. Nf3 f6 19. Ng3 exf4 20. Qxf4 Nd6 $132 {Sadler,M-Szmetan,J/Buenos Aires
Najdorf 1995}) 13... h6 14. Nf3 Qe7 $5 (14... Nbd7 15. a4 b4 16. Ne2 a5 17. Ng3
Qc7 18. Nh4 Nb6 19. f4 c5 $132) 15. Ne2 Nbd7 16. Ng3 Re8 17. a4 b4 18. Nh4 {
[%cal Gh4f5]} Kh7 19. f4 $6 (19. Kh1 $5 {[%cal Gf2f4]}) 19... Nh5 $1 $17 20.
Nxh5 (20. Nhf5 $2 Qc5+ 21. Kh1 Nxf4 22. Rxf4 exf4 23. Qxf4 gxf5 24. Nxf5 Re6
$19) 20... Qxh4 21. fxe5 gxh5 $5 (21... Qxh5 22. Rxf7+ Kg8 (22... Kh8 23. Qf4
$1 Qg5 (23... Rxe5 $2 24. Rf8+ Nxf8 25. Qxf8+ Kh7 26. Rf1 $18 {[%csl Rh7][%cal
Gf1f7]}) 24. Rh7+ $1 Kxh7 25. Qf7+ Kh8 26. Qxe8+ Kg7 27. Bc4 Qe3+ 28. Kh1 h5
29. Qg8+ Kh6 30. Qh8+ Kg5 31. Qd8+ Kh6 32. e6 $16) 23. Bc4 Nxe5 24. Re7+ Kf8 $8
(24... Nxc4 25. Rxe8+ Kf7 26. Qd8 Qc5+ 27. Kh1 Ne3 28. Rh8 $40 {[%cal Gd8g8,
Gh8h7]}) 25. Rc7 Nxc4 26. Qxb4+ Kg8 27. Qxc4+ Be6 28. Qc3 Bf7 29. Rf1 $36) 22.
e6 $2 {After this move white should lose,so still better was} (22. Rxf7+ $5 {
with complicated struggle.}) 22... Ne5 $6 ({Why not} 22... fxe6 23. Rf7+ (23.
e5+ Kg7 $19) 23... Kg8 24. Raf1 (24. Qxh6 Kxf7 25. Qh7+ Kf6 26. Rf1+ Ke5 $19)
24... Qg5 25. Qxb4 Ne5 $19 {and black seems to be winning in all variations?})
23. exf7 Rf8 $17 24. Rf4 Qg3 $6 {Permitting white to escape.} (24... Qg5 $1)
25. Raf1 Bxh3 26. R4f3 $8 Qg5 (26... Nxf3+ 27. Rxf3 Qxg2+ 28. Qxg2 Bxg2 29.
Kxg2 Kg7 30. Bc4 $44) 27. Qxg5 Nxf3+ 28. Rxf3 hxg5 29. e5+ Kg7 30. Rxh3 Kxf7
31. Rxh5 $11 Rad8 (31... Ke6 32. Rxg5 Kd5) 32. Rxg5 Rd4 33. b3 Ke7 34. Rg6 $6 (
{After} 34. Bc4 $1 {[%cal Gg5g7] white could fight for a win.}) 34... Rfd8 35.
Rxc6 (35. Bc4 Rxc4 36. bxc4 Rd2 37. Rxc6 Rxc2 38. Ra6 b3 39. Rxa7+ Ke6 40. Rb7
b2 $44) 35... Rxd3 36. cxd3 Rxd3 $11 37. Kf2 Rxb3 38. g4 Ra3 39. Ra6 b3 40. g5
b2 41. Rxa7+ Ke6 42. Rb7 1/2-1/2

[Event "Ciocaltea Memorial"]
[Site "Bucharest"]
[Date "2001.03.10"]
[Round "7"]
[White "Nevednichy, Vladislav"]
[Black "Marin, Mihail"]
[Result "1/2-1/2"]
[WhiteElo "2563"]
[BlackElo "2604"]
[Annotator "Finkel,A"]
[PlyCount "113"]
[EventDate "2001.03.04"]
[EventType "tourn"]
[EventRounds "11"]
[EventCountry "ROU"]
[EventCategory "12"]
[SourceTitle "CBM 082"]
[Source "ChessBase"]
[SourceDate "2001.05.17"]
[SourceVersion "1"]
[SourceVersionDate "2001.05.17"]
[SourceQuality "1"]

1. e4 d6 2. d4 Nf6 3. Nc3 g6 4. Nf3 Bg7 5. Be2 O-O 6. O-O c6 7. Re1 Nbd7 8. e5
{With this move white can hardly fight for the opening advantage.} dxe5 9. Nxe5
(9. dxe5 Ng4 (9... Nd5 10. Nxd5 cxd5 11. Qxd5 Nxe5 12. Qxd8 Rxd8 {1/2-1/2
Kreizberg,M-Kantsler,B/Ramat Aviv 2000/CBM 77 (12)}) 10. Ng5 (10. e6 fxe6 11.
h3 Nge5 12. Nxe5 Nxe5 13. Qxd8 Rxd8 14. Bf4 Nf7 15. Rad1 Rxd1 16. Rxd1 Bxc3 17.
bxc3 e5 $13 {Rozentalis,E-Azmaiparashvili,Z/Lvov 1990/CBM 18 (33)}) 10... Ndxe5
11. Qxd8 Rxd8 12. f4 f6 13. fxe5 fxg5 14. Bc4+ Kh8 15. Bxg5 Nxe5 16. Bb3 Bf5
$15 {Groszpeter,A-Van Wijgerden,C/Plovdiv 1983/EU-chT (41)}) 9... Nd5 $5 ({
Not so bad is also} 9... Nxe5 10. dxe5 Nd5 11. Nxd5 Qxd5 12. Qxd5 cxd5 13. Bf3
e6 14. Bg5 Bd7 $11 {Boensch,U-Vogt,L/Altensteig 1993/CBM 37 (38)}) 10. Nxd5
cxd5 11. Nf3 ({May be white should prefer} 11. Bf4 Nxe5 12. Bxe5 f6 (12... Bxe5
13. dxe5 Be6 (13... d4 14. Bc4 Bf5 15. e6 fxe6 16. Bxe6+ Bxe6 17. Rxe6 $14) 14.
Qd4 Rc8 15. c3 b6 16. Rad1 $14) 13. Bg3 Bf5 14. c4 e6 15. Qb3 $14 {with
slightly better chanses due to more active position of the pieces.}) 11... Nf6
12. c3 Bg4 13. Bf4 (13. Ne5 Bxe2 14. Qxe2 Ne4 15. h3 e6 16. Bf4 $11) 13... e6
14. Qb3 $5 Nh5 15. Be3 Qc7 16. h3 Bxf3 17. Bxf3 Nf6 18. a4 $6 {White should
concentrate on the kingside.} (18. g3 Nd7 19. Bf4 Qc6 20. Re2 Nb6 21. Rae1 Nc8
22. h4 h5 23. Be5 $14) 18... Nd7 19. g3 (19. a5 Nb8 20. g3 Nc6 21. Bf4 Qd7 $11)
19... Nb6 20. Bf4 Qc6 21. Be2 a6 22. h4 h6 23. a5 Nc4 24. Bxc4 (24. Qb4 Rfd8
25. b3 Nd6 26. Rac1 Rac8 $13) 24... dxc4 25. Qb6 {White still keeps some
pressure,but with calm and accurate defense black easily holds the equality.}
Qd5 (25... Rac8 26. Qxc6 Rxc6 27. Ra4 Rd8 28. Rb4 Rd7 $11) 26. Ra4 Rfd8 27. Rb4
Rd7 28. Qc5 Bf8 (28... Qxc5 $2 29. dxc5 $16 {[%csl Rc4]}) 29. Qxd5 exd5 30. Rb6
h5 31. b3 (31. Rb1 $6 Be7 32. b3 Bd8 {[%csl Ra5]} 33. Rd6 Rxd6 34. Bxd6 Bxa5
35. bxc4 dxc4 36. Rxb7 Bxc3 $17) 31... cxb3 32. Bg5 (32. Rb1 Be7 33. R1xb3 Bd8
34. Rxb7 Rxb7 35. Rxb7 Bxa5) 32... Rc8 33. Rxb3 Rdc7 34. Re5 Rd7 $11 (34...
Rxc3 35. Rxb7 $16 {[%csl Rd5]}) 35. Kf1 Kg7 36. Re1 Bd6 37. Reb1 Rcc7 38. Ke2
f6 39. Bd2 Kf7 40. Kd3 Ke6 41. Rb6 Kf5 42. Rxd6 (42. Rc1 Rc4 43. Rcb1 Rcc7 $11
(43... Ra4 44. Rxb7 Rxb7 45. Rxb7 Rxa5 46. c4 dxc4+ 47. Kxc4 Ra2 48. Be3 Ke4
$11)) 42... Rxd6 43. Bf4 Rdd7 44. Bxc7 Rxc7 45. f3 Rc4 (45... g5 46. hxg5 fxg5
47. Re1 Kf6 48. Re5 Rd7 $11) 46. Rxb7 Ra4 47. Rb6 Rxa5 48. Rd6 g5 49. hxg5 fxg5
50. Rh6 Ra2 51. Rxh5 Rg2 52. Rh8 (52. Rh3 a5 53. c4 dxc4+ 54. Kxc4 a4 55. Kb4
Rd2 56. Kc3 Rf2 57. g4+ Kf4 $11) 52... Rxg3 53. Ke2 Rg2+ 54. Ke3 Rc2 55. Kd3
Rf2 56. Ke3 Rc2 57. Kd3 1/2-1/2

[Event "FIDE-Wch k.o."]
[Site "Tripoli"]
[Date "2004.06.20"]
[Round "1.3"]
[White "Asrian, Karen"]
[Black "Agrest, Evgenij"]
[Result "1-0"]
[WhiteElo "2605"]
[BlackElo "2601"]
[Annotator "Finkel,A"]
[PlyCount "71"]
[EventDate "2004.06.19"]
[EventType "k.o."]
[EventRounds "7"]
[EventCountry "LBY"]
[SourceTitle "CBM 102"]
[Source "ChessBase"]
[SourceDate "2004.09.23"]
[SourceVersion "1"]
[SourceVersionDate "2004.09.23"]
[SourceQuality "1"]

1. e4 d6 2. d4 g6 3. Nc3 Bg7 4. Nf3 Nf6 5. Be3 a6 6. Bd3 O-O 7. Qd2 Nc6 (7...
b5 8. Ne2 (8. a4 b4 9. Ne2 a5 10. Ng3 Ng4 11. Bg5 f6 12. Bf4 e5 13. dxe5 dxe5
14. Bc4+ Kh8 15. Qxd8 Rxd8 16. Bd2 $14 {Fontaine-Beim, DE 2001.}) 8... Nc6 9.
d5 Ne5 10. Nxe5 dxe5 11. O-O e6 12. dxe6 Bxe6 13. a4 c5 14. Ng3 c4 $15 {
Rowson,J-Smirin,I/London 1999}) (7... Bg4 8. Bh6 $6 Nc6 ({Also possible is} 
8... Bxf3 9. Bxg7 Kxg7 10. gxf3 Nc6) 9. Bxg7 Kxg7 10. d5 $2 Bxf3 $1 11. dxc6
Bxg2 12. Rg1 Bh3 13. cxb7 Rb8 $36 {Charbonneau,P-Hebert,J/Richmond 2002}) (7...
Nbd7 8. O-O-O b5 9. h4 Bb7 10. e5 b4 11. Ne2 Ng4 12. e6 fxe6 13. Ng5 Bd5 14.
Nf4 Rxf4 15. Bxf4 c5 16. Qe2 $16 {Atakisi,U-Gurevich,M/Izmir 2002}) 8. h4 $5 {
[%cal Ge3h6,Gh4h5] Starting an actions on the kingside right away.} (8. h3 e5
9. dxe5 (9. O-O-O b5 10. Rhe1 exd4 11. Nxd4 Nxd4 12. Bxd4 c5 13. Be3 c4 14. Bf1
b4 $132 {Sepp,O-Sabinov,A/Tallinn 2003}) 9... Nxe5 10. Nxe5 dxe5 11. Bh6 Be6
12. Bxg7 Kxg7 13. O-O b5 $13 {Tirard,H-Shchekachev,A/Bogny sur Meuse 2002}) (8.
d5 Ne5 9. Nxe5 dxe5 10. f3 e6 11. Bc4 exd5 12. Nxd5 Nxd5 13. Bxd5 Be6 $11 {
Shalimov,V-Matjushin,G/Mariupol 2003}) 8... Ng4 $6 {[%csl Rg8] Black is
obviously confused with such an agressive play, so his reaction is pretty bad.
More in the spirit of the position was} (8... e5 9. d5 Ne7 10. Bh6 c6 11. Bxg7
Kxg7 12. dxc6 bxc6 $13 {and white is yet to prove he's got any attacking
chances on the kingside.}) 9. h5 Nxe3 10. fxe3 {[%cal Gd2f2,Gf2h4]} e5 11. hxg6
hxg6 12. O-O-O {Once the knight is gone white's attack over an h-file is very
difficult to stop.} b5 (12... exd4 13. exd4 Nxd4 14. Nxd4 Bxd4 15. Qh6 Re8 16.
Qh7+ Kf8 17. Bc4 Qg5+ 18. Kb1 Bg7 19. Bxf7 $18) 13. Qf2 Bd7 (13... Bg4 $8 14.
Nd5 exd4 15. exd4 Bxf3 16. gxf3 Nxd4 17. Qh2 Re8 18. f4 $40) 14. Nd5 Ne7 $2 {
A blunder in a difficult position.} 15. Qh4 f6 $8 (15... Re8 16. Nf6+ Kf8 17.
Ng5 $18) 16. dxe5 dxe5 17. Nxe5 $1 $18 fxe5 18. Qh7+ Kf7 19. Rhf1+ Ke6 20. Qxg7
Nxd5 21. exd5+ Kd6 22. Qxg6+ Kc5 23. Qg7 Kd6 24. Be4 b4 25. Qg6+ Kc5 26. d6 $1
c6 27. Qg7 Re8 28. Rf7 Qh4 29. Bf3 Qc4 30. Rxd7 Qxa2 31. Rc7 Qa1+ 32. Kd2 Qxb2
33. Rxc6+ Kb5 34. Qb7+ Ka5 35. Rc5+ Ka4 36. Qd7+ 1-0